<?xml version="1.0" encoding="UTF-8"?><?xml-stylesheet type="text/xsl" href="static/style.xsl"?><OAI-PMH xmlns="http://www.openarchives.org/OAI/2.0/" xmlns:xsi="http://www.w3.org/2001/XMLSchema-instance" xsi:schemaLocation="http://www.openarchives.org/OAI/2.0/ http://www.openarchives.org/OAI/2.0/OAI-PMH.xsd"><responseDate>2026-06-02T04:52:34Z</responseDate><request verb="GetRecord" identifier="oai:riuma.uma.es:10630/28140" metadataPrefix="marc">https://riuma.uma.es/rest/oai/request</request><GetRecord><record><header><identifier>oai:riuma.uma.es:10630/28140</identifier><datestamp>2026-02-03T11:47:51Z</datestamp><setSpec>com_10630_2254</setSpec><setSpec>col_10630_37959</setSpec></header><metadata><record xmlns="http://www.loc.gov/MARC21/slim" xmlns:dcterms="http://purl.org/dc/terms/" xmlns:doc="http://www.lyncode.com/xoai" xmlns:xsi="http://www.w3.org/2001/XMLSchema-instance" xsi:schemaLocation="http://www.loc.gov/MARC21/slim http://www.loc.gov/standards/marcxml/schema/MARC21slim.xsd">
   <leader>00925njm 22002777a 4500</leader>
   <datafield ind2=" " ind1=" " tag="042">
      <subfield code="a">dc</subfield>
   </datafield>
   <datafield ind2=" " ind1=" " tag="720">
      <subfield code="a">Pérez-Rufi, José Patricio</subfield>
      <subfield code="e">author</subfield>
   </datafield>
   <datafield ind2=" " ind1=" " tag="260">
      <subfield code="c">2023</subfield>
   </datafield>
   <datafield ind2=" " ind1=" " tag="520">
      <subfield code="a">Esta investigación se basa en la descripción que se hace de distritos urbanos de diferentes ciudades en los contenidos audiovisuales producidos por un canal de YouTube llamado Never Too Small, como “prescriptor audiovisual” de arquitectura, diseño y urbanismo en YouTube. El objetivo principal de este trabajo es analizar los vídeos de Never Too Small, con objeto de identificar su modelo paradigmático de distrito urbano. Como objetivo secundario, se pretende evaluar si atienden a un modelo global de ideal de barrio o si dicho modelo se adapta a las particularidades culturales de las comunidades en que se ubican. La metodología aplicada para el logro de los objetivos propuestos se basa en un análisis del discurso audiovisual que identifique aquellos motivos concretos que, a juicio del canal, contextualizan los distritos urbanos. Con objeto de identificar cuáles son los indicadores más destacados y categorizarlos, se aplica la clasificación de Von Breymann (2019) sobre “indicadores de percepción de calidad del entorno residencial”. Pese a la diversidad de localizaciones de los espacios, en cuatro continentes, se comparten algunos indicadores de calidad que terminan por homogeneizar los factores de valor en la definición de los distritos urbanos, que en muy pocas ocasiones atiende a las particularidades sociales o culturales de los países y comunidades en los que se ubican.</subfield>
   </datafield>
   <datafield ind1="8" ind2=" " tag="024">
      <subfield code="a">https://hdl.handle.net/10630/28140</subfield>
   </datafield>
   <datafield tag="653" ind2=" " ind1=" ">
      <subfield code="a">Vida urbana - En los medios de comunicación social</subfield>
   </datafield>
   <datafield tag="653" ind2=" " ind1=" ">
      <subfield code="a">Geografía urbana - En los medios de comunicación social</subfield>
   </datafield>
   <datafield ind2="0" ind1="0" tag="245">
      <subfield code="a">Never Too Small: indicadores de percepción de calidad de distritos urbanos en los vídeos de un canal prescriptor en YouTube.</subfield>
   </datafield>
</record>
</metadata></record></GetRecord></OAI-PMH>